=LDR 00000nam 2200000 4500 =001 000527 =005 20250711120200 =035 ##$$a 0010-0725000394 =007 ta =008 250711################a##########0#ind## =020 ##$$a 978-623-472-348-9 =082 ##$$a 398.209 598 =084 ##$$a 398.209 598 AGA m =100 #$$a Agarwal, Tanya Luther =245 1#$$a Meong dan Aum /$c Tanya Luther Agarwal =250 ##$$a cetakan pertama =260 ##$$a Jakarta :$b badan pengembangan dan pembinaan bahasa,$c 2022 =300 ##$$a 24 hlm. : $b ilus. ; $c 22,9 cm$e 398.209 598 =856 ##$$a TBM As Suhada =990 ##$$a TBM02850285